[Event "Sao Paulo Hebraica op 33rd"]
[Site "Sao Paulo"]
[Date "2024.06.28"]
[Round "1"]
[White "Hara, Aroldo Hiroiuqui"]
[Black "Martinez, Narek Caycedo"]
[Result "1-0"]
[WhiteElo "1882"]
[BlackElo "1551"]
[PlyCount "141"]
[EventDate "2024.06.28"]
[EventType "swiss"]
[EventRounds "6"]
[EventCountry "BRA"]
[SourceTitle "CBM 221 Extra"]
[Source "ChessBase"]
[SourceDate "2024.09.30"]
[SourceVersion "1"]
[SourceVersionDate "2024.09.30"]
[SourceQuality "1"]

1. d4 Nf6 2. Bf4 g6 3. Nf3 Bg7 4. e3 d5 5. Be2 c6 6. c3 0-0 7. h3 Nbd7 8. 0-0 Nh5 9. Bh2 b5 10. Nbd2 Nhf6 11. a4 Qb6 12. axb5 cxb5 13. Qb3 a6 14. Bxb5 Bb7 15. Bxd7 Qxb3 16. Nxb3 Nxd7 17. Na5 Bc8 18. Rfe1 Nf6 19. Nd2 e6 20. e4 Bd7 21. exd5 exd5 22. Nb7 Bb5 23. Nc5 Bh6 24. Nf3 Nd7 25. Nxd7 Bxd7 26. Bd6 Rfd8 27. Be7 Rdb8 28. Ba3 Rd8 29. Ne5 Bb5 30. Ng4 Bg7 31. Be7 Re8 32. Bf6 Rxe1+ 33. Rxe1 h5 34. Bxg7 Kxg7 35. Ne3 Rd8 36. Ra1 f6 37. g4 hxg4 38. hxg4 Kf7 39. Kg2 Kg7 40. Rh1 Bc4 41. Nxc4 dxc4 42. Ra1 Rd6 43. Kf3 Kf7 44. Ra5 Ke6 45. Rc5 Rb6 46. Rxc4 Rxb2 47. Rc6+ Ke7 48. Rxa6 Rc2 49. Rc6 Kd7 50. Rxf6 Rxc3+ 51. Ke4 Rc6 52. Rxc6 Kxc6 53. Ke5 Kd7 54. Kf6 Kd6 55. Kxg6 Kd5 56. Kf6 Kxd4 57. g5 Ke4 58. g6 Kf3 59. g7 Kxf2 60. g8Q Ke3 61. Qg4 Kd3 62. Qf4 Kc3 63. Qe4 Kb3 64. Qd4 Kc2 65. Qe3 Kb2 66. Qd3 Ka1 67. Qd2 Kb1 68. Ke5 Ka1 69. Kd4 Kb1 70. Kc3 Ka1 71. Qb2# 1-0

[Event "Sao Paulo Hebraica op 31st"]
[Site "Sao Paulo"]
[Date "2023.07.01"]
[Round "3"]
[White "Martinez, Narek Caycedo"]
[Black "Bolsoni, Danilo Segateli"]
[Result "1/2-1/2"]
[WhiteElo "1800"]
[BlackElo "1661"]
[PlyCount "49"]
[EventDate "2023.06.30"]
[EventType "swiss"]
[EventRounds "6"]
[EventCountry "BRA"]
[SourceTitle "CBM 215 Extra"]
[Source "ChessBase"]
[SourceDate "2023.09.30"]
[SourceVersion "1"]
[SourceVersionDate "2023.09.30"]
[SourceQuality "1"]

1. e4 c5 2. c3 e6 3. d4 d5 4. exd5 exd5 5. Nf3 Nf6 6. Be3 Qb6 7. Qb3 Bf5 8. Qxb6 axb6 9. Nbd2 Be7 10. Be2 0-0 11. 0-0 Na6 12. Rfe1 Nc7 13. dxc5 bxc5 14. Nb3 b6 15. a4 Ng4 16. Bd1 Nxe3 17. Rxe3 Rfe8 18. Re2 Bg4 19. Rd2 Bd6 20. Re2 Bxf3 21. Rxe8+ Rxe8 22. Bxf3 Kf8 23. g3 f5 24. Kf1 g5 25. Bg2 1/2-1/2